000 00306nam a22001337a 4500
008 170524b xxu||||| |||| 00| 0 eng d
020 _a0130131377
041 _aeng
080 _a62
100 _a26
101 _aIM
245 _aADVACED STRUCTURED ANALYSIS AND DESINGN
_cPETERS.L
942 _2udc
_cBK
999 _c14012
_d14012